Technical 3-letters abbrevation A-Z - Statistics

General Stats
  • This quiz has been taken 28 times
  • The average score is 9 of 26
Answer Stats
Hint Answer % Correct
RAM Random Access Memory
77%
USB Universal Serial Bus
77%
GUI Graphical User Interface
69%
HDD Hard Disk Drive
65%
IOT Internet of Things
65%
LCD Liquid Crystal Display
62%
JVM Java Virtual Machine
46%
NFC Near field communication
46%
WAN Wide Area Network
46%
KHZ Kilohertz
42%
SDK Software Development Kit
42%
CAD Computer Aided Design
38%
PDF Portable Document Format
35%
Y2K Year Two Thousand
35%
API Application Programming Interface
27%
QOS Quality of Service
27%
DDR Double Data Rate
15%
XML Extensible Markup Language
15%
VGA Video Graphics Array
15%
FET Field Effect Transistor
12%
TCP Transmission Control Protocol
12%
ERP Enterprise Resource Planning
8%
MES Manufacturing Execution System
8%
OEE Overall Equipment Effectiveness
8%
BER Bit Error Rate
4%
ZIF Zoomable Image Format
0%
No matching quizzes found
Score Distribution
Percent of People with Each Score
Percentile by Number Answered
Your Score History
You have not taken this quiz